000 00258nam a22001217a 4500
008 170606b xxu||||| |||| 00| 0 eng d
041 _aeng
080 _a94(6)
100 _a18
101 _aSHH
245 _aAFRICA COUNTS
_cZASLAVSKY.C
942 _2udc
_cBK
999 _c16123
_d16123